| 000 | 01158nam a2200301uu 4500 | ||
|---|---|---|---|
| 001 | 200429816 | ||
| 003 | TR-AnTOB | ||
| 005 | 20240731133731.0 | ||
| 008 | 180531s2011 tu eng | ||
| 040 |
_aTR-AnTOB _beng _cTR-AnTOB _erda |
||
| 041 | 0 | _aeng | |
| 050 | 0 |
_aTJ807.2 _b.I58 2011 |
|
| 090 | 0 |
_aTJ807.2 _b.I58 2011 |
|
| 111 |
_9120255 _aInternational 100% Renewable Energy Conference _n(1st : _d6-8 October 2011 : _cIstanbul, Turkey) |
||
| 245 | 1 |
_a1st international 100% renewable energy conference (IRENEC 2011) proceedings / _cedited by T. S. Uyar, M. Sağlam, E. Sulukan. |
|
| 246 | 0 | 0 | _aInternational 100% Renewable Energy Conference (1st : 6-8 October 2011 : Istanbul, Turkey) |
| 264 | 1 |
_aIstanbul : _bMaltepe Municipality, _c2011. |
|
| 300 |
_a592 p. : _bill. ; _c30 cm. |
||
| 336 |
_2rdacontent _atext _btxt |
||
| 337 |
_2rdamedia _aunmediated _bn |
||
| 338 |
_2rdacarrier _avolume _bnc |
||
| 500 | _aBibliographical references and index. | ||
| 650 | 0 |
_945782 _aRenewable energy sources _zTurkey |
|
| 650 | 0 |
_945783 _aYenilenebilir enerji kaynakları _zTürkiye |
|
| 902 | _a000155041001 | ||
| 942 |
_2lcc _cBK |
||
| 999 |
_c200429816 _d47742 |
||